Návrh systému plánovania ako súčasti stratégie krízového manažmentu pre efektívnejšie riadenie environmentálnych krízových situácií v priemyselných podnikoch = Proposal of Planning System as a Part of Crisis Management Strategie for Effective Control of Environmental Crisis Situation in Industrial Plants : Dizertačná práca

Enregistré dans:
Détails bibliographiques
Auteur principal: Rašla, Vladimír, 1972- (Auteur)
Autres auteurs: Sakál, Peter, 1951- (Directeur de thèse)
Format: Manuscrit Livre
Langue:slovaque
Publié: Trnava : STU v Bratislave MTF, 2010
Sujets:
Tags: Ajouter un tag
Pas de tags, Soyez le premier à ajouter un tag!

MARC

LEADER 00000ntm a22000003a 4500
001 stu220870
005 20150617230115.2
008 110204s2010----xo------------------slo-d
040 |a STU  |b slo 
041 0 |a slo 
044 |a xo 
100 1 |a Rašla, Vladimír,  |d 1972-  |4 aut  |u M190  |U MTF Materiálovotechnologická fakulta  |T MTF Katedra priemyselného inžinierstva a manažmentu  |X 41695  |U M190  |Y 167  |7 A000041695 
245 1 |a Návrh systému plánovania ako súčasti stratégie krízového manažmentu pre efektívnejšie riadenie environmentálnych krízových situácií v priemyselných podnikoch = Proposal of Planning System as a Part of Crisis Management Strategie for Effective Control of Environmental Crisis Situation in Industrial Plants :  |b Dizertačná práca 
260 |a Trnava :  |b STU v Bratislave MTF,  |c 2010 
300 |a 212 s 
500 |a MTF-3172-41695 
500 |a Číslo a názov vedného odboru: 62-90-9 Podnikový manažment 
650 7 |a krízový manažment  |2 stusub 
650 7 |a rizikový manažment  |2 stusub 
700 1 |a Sakál, Peter,  |d 1951-  |4 ths  |u M4000  |U MTF Materiálovotechnologická fakulta  |T MTF Ústav priemyselného inžinierstva a manažmentu  |X 325  |U M4000  |Y 84  |7 A000000325 
996 |b 284M079142  |c M*DzP-213  |l MMSKP  |s P  |a 0  |w stu220870_0001